000 002510000a22000970004500
100 1 _aSalem, Luis D.
245 1 0 _aEl Sinaí, cumbre histórica
300 _aVol. 56, Núm 254 (2001), Páginas 19-21
773 0 _tLa Biblia de las Américas
942 _cANA
999 _c51633
_d51633